| 000 | 01068nac a22002411u 4500 | ||
|---|---|---|---|
| 008 | 100920t xxu||||| |||| 00| 0 eng d | ||
| 010 | _a81202033 | ||
| 020 | _a9953100195 | ||
| 082 |
_a330.03 _bG4117 |
||
| 100 |
_aGhattas, Nabih. _919573 |
||
| 245 | 1 | 2 |
_aA Dictionary of Economics, Business, and Finance : _bEnglish-Arabic with an Arabic Glossary / _ccompiled and edited by Nabih Ghattas. |
| 250 | _anew edition | ||
| 260 |
_a[Beirut] : _bLibrairie du Liban, _c1980. |
||
| 300 |
_a677 p. ; _c25 cm. |
||
| 500 | _aEnglish and Arabic. | ||
| 500 | _aTitle on added t.p.: Muʻjam muṣṭalaḥāt al-iqtiṣād wa-al-māl wa-idārat al-ʻummāl. | ||
| 650 | 0 |
_aEconomics _xDictionaries. _919574 |
|
| 650 | 0 |
_aEnglish language _xDictionaries _xArabic. _919577 |
|
| 650 | 0 |
_919576 _aFinance _vDictionaries _xDictionaries |
|
| 650 | 0 |
_919575 _aBusiness _xDictionaries |
|
| 740 | 0 | _aMuʻjam muṣṭalaḥāt al-iqtiṣād wa-al-māl wa-idārat al-ʻummāl. | |
| 942 |
_cREFERENCE _k330.03G4117 _2ddc |
||
| 999 |
_c3663 _d3663 |
||